000 00761nas a2200241 4500
001 BR0205076
003 BR-BrBNA
005 20231205103305.0
007 ta
008 230509b bl.|||p| |||| 00| 00por d
040 _aBR-BrBNA
_bpor
_cBiblioteca Nacional de Agricultura
041 _a(Pt)
072 _aF01
100 1 _aSalvador, E.D.
100 1 _aMinami, K.
245 1 _aAvaliação de diferentes substratos no cultivo de grama-esmeralda (Zoysia japonica Steud.)em bandejas
650 _aGRAMA ESMERALDA
650 _aSUBSTRATO DE CULTURA
650 _aESTUFA
773 0 _tCiência e Agrotecnologia (Brazil)
_xISSN 1413-7054
_g(Mar-Apr 2002), v. 26(2) p. 237-243
_wBR0205076
909 _a202311
_bLúcia
_c55
_dLúcia Elande
942 _2AGRIS
_n0
_cANA
999 _c172100
_d172100